| 000 | 00525nam a22001937a 4500 | ||
|---|---|---|---|
| 003 | OSt | ||
| 005 | 20140310182350.0 | ||
| 008 | 130930t xxu||||| |||| 00| 0 eng d | ||
| 020 | _a0663388988 | ||
| 050 |
_aLB 1573 _b.C649 1985 |
||
| 082 |
_aGS 372.4 _bC51 1985 |
||
| 100 |
_aClymer, Theodore _922137 |
||
| 245 |
_aTen times round / _cTheodore Clymer. |
||
| 260 |
_aMass : _bGinn and Company, _c1985. |
||
| 300 |
_a333 p. : _bcol. ill. ; _c24 cm. |
||
| 650 |
_aReading. _9902 |
||
| 942 |
_2lcc _cBK-GS |
||
| 999 |
_c12343 _d12343 |
||